| 000 | 00625nmm a2200169Ia 4500 | ||
|---|---|---|---|
| 008 | 251105s9999||||xx |||||||||||||||||und|| | ||
| 020 | _a9788437095578 | ||
| 041 | _aspa | ||
| 100 | _aSoria Mesa, Enrique | ||
| 245 | 0 |
_aLos últimos moriscos : _b Pervivencias de la población de origern islámico en el Reino de Granada (siglos XVII-XVIII) |
|
| 264 |
_a[Madrid, España] : _bPublicaciones de la Universidad de Valencia (PUV), _c2014 |
||
| 300 | _a277 páginas | ||
| 490 | _aBiblioteca de estudios moriscos | ||
| 650 | _aHistory of Europe: Spain | ||
| 856 | _uhttps://public.digitaliapublishing.com/a/38824 | ||
| 942 | _cCF | ||
| 999 |
_c82668 _d82668 |
||